Statistics for Geography by First Three Letters #1

Click here to take the quiz!

General Stats

  • This quiz has been taken 16,518 times
  • The average score is 17 of 21

Answer Stats

Letters Category Answer % Correct
FRACountryFrance
100%
ATLOceanAtlantic
97%
SAHDesertSahara
97%
FUJMountainFuji
96%
OTTCapitalOttawa
96%
ORLUS CityOrlando
95%
PERCountryPeru
92%
TAJLandmarkTaj Mahal
91%
KORPeninsulaKorean
90%
MELWorld CityMelbourne
89%
MARUS StateMaryland
87%
BRUCountryBrunei
85%
DANRiverDanube
84%
SUMIslandSumatra
75%
MOJDesertMojave
67%
KRAWorld CityKrakow
66%
CARSeaCaribbean
66%
DINCurrencyDinar
64%
YANRiverYangtze
64%
SINPeninsulaSinai
59%
KASRegionKashmir
31%

Score Distribution

Percentile by Number Answered

Percent of People with Each Score

Your Score History

You have not taken this quiz